Представление документа в формате MARC21

ПолеНазваниеЗначение
  Тип записи a
  Библиографический уровень m
001 Контрольный номер BIBLIOCLUB\0000730897
005 Дата корректировки 20260430154911.2
006 m o d
007 Элементы данных для физической характеристики c|||||||||||||
008 Кодируемые данные s2025 rus o rus d
020 Индекс ISBN __
a ISBN 978-5-394-05787-8
041 Код языка издания 0_
a Код языка текста rus
084 Индекс другой классификации/Индекс ББК __
a Индекс другой классификации/Индекс ББК 22.185.4я73
b Номер единицы LBC/PL
2 Источник индекса rubbk
084 Индекс другой классификации/Индекс ББК __
a Индекс другой классификации/Индекс ББК 65в631я73
b Номер единицы LBC/PL
2 Источник индекса rubbk
100 Автор 1_
a Автор Новиков А. И.
245 Заглавие 10
a Заглавие Экономико-математические методы и модели
b Продолж. заглавия учебник
c Ответственность А. И. Новиков
250 Сведения об издании __
a Основные сведения об издании 6-е изд.
260 Выходные данные __
a Место издания Москва
b Издательство Дашков и К°
c Дата издания 2025
300 Физическое описание __
a Объем 532 с.
b Иллюстрации/ тип воспроизводства ил., табл., схем.
490 Серия 1_
a Заглавие серии Учебные издания для бакалавров
504 Библиография __
a Библиография Библиогр. в кн
653 Ключевые слова 1_
a Ключевые слова Учебник для высшей школы
830 Заголовок добавочной библ.записи на серию - унифицированное заглавие _0
a Унифицированное заглавие Учебные издания для бакалавров
856 Электронный адрес документа 40
3 Область применения данных поля Университетская библиотека ONLINE
u URL https://biblioclub.ru/index.php?page=book&id=730897
900 Электронные ресурсы __
a Имя электронного ресурса https://img.biblioclub.ru/sm_cover/b30308bf0a887ce47d4ed810c787bc2471d5r7cguw/cover.jpg